000 00772cam a2200301 4500
001 735644
003 ARRUPE
005 20131203180337.0
008 890119s1969 nyu b 001 0 eng
010 _a 78093689
035 _a(OCoLC)44995
035 _a(OCoLC)ocm00044995
035 _a(CStRLIN)NYCG89-B3918
035 _a(NNC)735644
040 _cDLC
050 0 _aJC257
_b.M54
082 _a320.1/5
090 _aJC257
_b.M54 1969b
100 1 _aMiliband, Ralph.
_94939
245 1 4 _aThe state in capitalist society.
260 _aNew York,
_bBasic Books
_c[1969]
300 _ax, 292 p.
_c22 cm.
504 _aBibliographical footnotes.
650 0 _aState, The.
_94940
650 0 _aCapitalism.
_93
942 _2lcc
_cMONOGRAPH
999 _c119024
_d119024